The WACO, Texas, ATF raid and challenger launch decision: management, judgment, and the knowledge analytic (Record no. 48387)

000 -LEADER
fixed length control field 01560pab a2200169 454500
008 - FIXED-LENGTH DATA ELEMENTS--GENERAL INFORMATION
fixed length control field 180718b2001 xxu||||| |||| 00| 0 eng d
100 ## - MAIN ENTRY--PERSONAL NAME
Personal name Garrett, Terence M.
245 ## - TITLE STATEMENT
Title The WACO, Texas, ATF raid and challenger launch decision: management, judgment, and the knowledge analytic
260 ## - PUBLICATION, DISTRIBUTION, ETC.
Date of publication, distribution, etc. 2001
300 ## - PHYSICAL DESCRIPTION
Extent p.66-86
362 ## - DATES OF PUBLICATION AND/OR SEQUENTIAL DESIGNATION
Dates of publication and/or sequential designation Mar
520 ## - SUMMARY, ETC.
Summary, etc. The author argues that the Challenger space shuttle launch disaster and the Bureau of Alcohol, Tobacco and Firearms (ATF) raid on the Branch Davidian compound both offer insights for managers and organization theorists as to how managers make judgments concerning their employees based on conceptions of how the employees ought to do their work. Managers with a knowledge of "management as science" objectify the work of employees under them. Workers know their work as craft based on firsthand experience. The author argues that traditional management practice results in decision making that does not take into account the knowledge of all organizational participants, and this leads to catastrophe. "Worker" knowledge and "management" knowledge, as well as other kinds of knowledge in organizations, are frequently incompatible. This aspect is characteristic of modern organizations but tends to be accentuated during times of organizational crisis. These two cases illustrate well the problems involved in decision making within complex organizations. - Reproduced
650 ## - SUBJECT ADDED ENTRY--TOPICAL TERM
Topical term or geographic name entry element Spacecraft
650 ## - SUBJECT ADDED ENTRY--TOPICAL TERM
Topical term or geographic name entry element Decision making
773 ## - HOST ITEM ENTRY
Main entry heading American Review of Public Administration
909 ## -
-- 48387
Holdings
Withdrawn status Lost status Damaged status Not for loan Permanent Location Current Location Date acquired Serial Enumeration / chronology Barcode Date last seen Price effective from Koha item type
        Indian Institute of Public Administration Indian Institute of Public Administration 2018-07-19 Volume no: 31, Issue no: 1 AR48815 2018-07-19 2018-07-19 Articles

Powered by Koha